000 00520 a2200181 4500
003 OSt
005 20240118131135.0
008 240118b |||||||| |||| 00| 0 eng d
020 _a9788182719101
040 _coclc
082 _a297
_bKAR/L
100 _a Karakunnu, Sheikh Mohammed
_91839
245 _aLokanugrahi /
_cShaikh Muhammed Karakunnu
250 _a8th ed.
260 _aKozhikode:
_bIslamic Publishing House,
_c2021.
300 _a144p.
942 _2ddc
_cBK
_h297
_iKAR/L
_k297
_mKAR/L
999 _c43253
_d43253